<?xml version="1.0" encoding="UTF-8"?>
<collection xmlns="http://www.loc.gov/MARC21/slim">
 <record>
  <leader>02218cam a2200589   4500</leader>
  <controlfield tag="001">353328499</controlfield>
  <controlfield tag="003">DE-627</controlfield>
  <controlfield tag="005">20240316184717.0</controlfield>
  <controlfield tag="007">tu</controlfield>
  <controlfield tag="008">020828s2002    gw ||||| r    00| ||ger c</controlfield>
  <datafield tag="015" ind1=" " ind2=" ">
   <subfield code="a">02,A37,0025</subfield>
   <subfield code="2">dnb</subfield>
  </datafield>
  <datafield tag="016" ind1="7" ind2=" ">
   <subfield code="a">964545705</subfield>
   <subfield code="2">DE-101</subfield>
  </datafield>
  <datafield tag="020" ind1=" " ind2=" ">
   <subfield code="a">3878161115</subfield>
   <subfield code="c">Pp.</subfield>
   <subfield code="9">3-87816-111-5</subfield>
  </datafield>
  <datafield tag="035" ind1=" " ind2=" ">
   <subfield code="a">(DE-627)353328499</subfield>
  </datafield>
  <datafield tag="035" ind1=" " ind2=" ">
   <subfield code="a">(DE-576)102931674</subfield>
  </datafield>
  <datafield tag="035" ind1=" " ind2=" ">
   <subfield code="a">(DE-599)GBV353328499</subfield>
  </datafield>
  <datafield tag="035" ind1=" " ind2=" ">
   <subfield code="a">(OCoLC)248762157</subfield>
  </datafield>
  <datafield tag="035" ind1=" " ind2=" ">
   <subfield code="a">(OCoLC)52944026</subfield>
  </datafield>
  <datafield tag="035" ind1=" " ind2=" ">
   <subfield code="a">(OCoLC)248762157</subfield>
  </datafield>
  <datafield tag="040" ind1=" " ind2=" ">
   <subfield code="a">DE-627</subfield>
   <subfield code="b">ger</subfield>
   <subfield code="c">DE-627</subfield>
   <subfield code="e">rakwb</subfield>
  </datafield>
  <datafield tag="041" ind1=" " ind2=" ">
   <subfield code="a">ger</subfield>
  </datafield>
  <datafield tag="044" ind1=" " ind2=" ">
   <subfield code="c">XA-DE</subfield>
  </datafield>
  <datafield tag="050" ind1=" " ind2="0">
   <subfield code="a">N6886.K34</subfield>
  </datafield>
  <datafield tag="050" ind1=" " ind2="0">
   <subfield code="a">N6886.K34</subfield>
  </datafield>
  <datafield tag="084" ind1=" " ind2=" ">
   <subfield code="a">02</subfield>
   <subfield code="a">46</subfield>
   <subfield code="2">sdnb</subfield>
  </datafield>
  <datafield tag="084" ind1=" " ind2=" ">
   <subfield code="a">46</subfield>
   <subfield code="a">02</subfield>
   <subfield code="2">sdnb</subfield>
  </datafield>
  <datafield tag="084" ind1=" " ind2=" ">
   <subfield code="a">9,10</subfield>
   <subfield code="2">ssgn</subfield>
  </datafield>
  <datafield tag="084" ind1=" " ind2=" ">
   <subfield code="a">02.30</subfield>
   <subfield code="2">bkl</subfield>
  </datafield>
  <datafield tag="245" ind1="1" ind2="0">
   <subfield code="a">Von alten Meistern, Landgrafen und Himmelsstürmern</subfield>
   <subfield code="b">Kassel und seine Museen</subfield>
   <subfield code="c">Jürgen M. Lehmann</subfield>
  </datafield>
  <datafield tag="263" ind1=" " ind2=" ">
   <subfield code="a">Pp.</subfield>
  </datafield>
  <datafield tag="264" ind1=" " ind2="1">
   <subfield code="a">Kassel</subfield>
   <subfield code="b">Thiele und Schwarz</subfield>
   <subfield code="c">2002</subfield>
  </datafield>
  <datafield tag="300" ind1=" " ind2=" ">
   <subfield code="a">132 S</subfield>
   <subfield code="b">zahlr. Ill</subfield>
   <subfield code="c">21 x 22 cm</subfield>
  </datafield>
  <datafield tag="336" ind1=" " ind2=" ">
   <subfield code="a">Text</subfield>
   <subfield code="b">txt</subfield>
   <subfield code="2">rdacontent</subfield>
  </datafield>
  <datafield tag="337" ind1=" " ind2=" ">
   <subfield code="a">ohne Hilfsmittel zu benutzen</subfield>
   <subfield code="b">n</subfield>
   <subfield code="2">rdamedia</subfield>
  </datafield>
  <datafield tag="338" ind1=" " ind2=" ">
   <subfield code="a">Band</subfield>
   <subfield code="b">nc</subfield>
   <subfield code="2">rdacarrier</subfield>
  </datafield>
  <datafield tag="583" ind1="1" ind2=" ">
   <subfield code="a">Archivierung prüfen</subfield>
   <subfield code="c">20200919</subfield>
   <subfield code="f">DE-640</subfield>
   <subfield code="z">3</subfield>
   <subfield code="2">pdager</subfield>
  </datafield>
  <datafield tag="583" ind1="1" ind2=" ">
   <subfield code="a">Archivierung/Langzeitarchivierung gewährleistet</subfield>
   <subfield code="f">SSG</subfield>
   <subfield code="x">XA-DE-BW</subfield>
   <subfield code="2">pdager</subfield>
   <subfield code="5">DE-16</subfield>
  </datafield>
  <datafield tag="650" ind1=" " ind2="4">
   <subfield code="a">Art</subfield>
   <subfield code="x">Germany</subfield>
   <subfield code="x">Kassel</subfield>
   <subfield code="x">Catalogs</subfield>
  </datafield>
  <datafield tag="650" ind1=" " ind2="4">
   <subfield code="a">Museums</subfield>
   <subfield code="x">Germany</subfield>
   <subfield code="x">Kassel</subfield>
   <subfield code="x">Catalogs</subfield>
  </datafield>
  <datafield tag="655" ind1=" " ind2="7">
   <subfield code="a">Verzeichnis</subfield>
   <subfield code="0">(DE-588)4188171-0</subfield>
   <subfield code="0">(DE-627)105266639</subfield>
   <subfield code="0">(DE-576)210051078</subfield>
   <subfield code="2">gnd-content</subfield>
  </datafield>
  <datafield tag="689" ind1="0" ind2="0">
   <subfield code="d">g</subfield>
   <subfield code="0">(DE-588)4029869-3</subfield>
   <subfield code="0">(DE-627)106272527</subfield>
   <subfield code="0">(DE-576)208984593</subfield>
   <subfield code="a">Kassel</subfield>
   <subfield code="2">gnd</subfield>
  </datafield>
  <datafield tag="689" ind1="0" ind2="1">
   <subfield code="d">s</subfield>
   <subfield code="0">(DE-588)4040795-0</subfield>
   <subfield code="0">(DE-627)106221485</subfield>
   <subfield code="0">(DE-576)209042311</subfield>
   <subfield code="a">Museum</subfield>
   <subfield code="2">gnd</subfield>
  </datafield>
  <datafield tag="689" ind1="0" ind2=" ">
   <subfield code="5">DE-101</subfield>
  </datafield>
  <datafield tag="700" ind1="1" ind2=" ">
   <subfield code="a">Lehmann, Jürgen M.</subfield>
   <subfield code="d">1937-</subfield>
   <subfield code="0">(DE-588)1145457649</subfield>
   <subfield code="0">(DE-627)1006575480</subfield>
   <subfield code="0">(DE-576)161944787</subfield>
   <subfield code="4">oth</subfield>
  </datafield>
  <datafield tag="787" ind1="0" ind2="8">
   <subfield code="i">Rezensiert in</subfield>
   <subfield code="a">Voigt, Kirsten Claudia, 1964 - </subfield>
   <subfield code="t">[Rezension von: Jürgen M. Lehmann, Von Alten Meistern, Landgrafen und Himmelsstürmern]</subfield>
   <subfield code="d">Regensburg : Schnell und Steiner, 2002</subfield>
   <subfield code="w">(DE-627)1552302830</subfield>
   <subfield code="w">(DE-576)482302836</subfield>
  </datafield>
  <datafield tag="935" ind1=" " ind2=" ">
   <subfield code="i">Blocktest</subfield>
  </datafield>
  <datafield tag="936" ind1="b" ind2="k">
   <subfield code="a">02.30</subfield>
   <subfield code="j">Museumskunde</subfield>
   <subfield code="0">(DE-627)106403192</subfield>
  </datafield>
  <datafield tag="951" ind1=" " ind2=" ">
   <subfield code="a">BO</subfield>
  </datafield>
  <datafield tag="990" ind1=" " ind2=" ">
   <subfield code="a">Kassel</subfield>
  </datafield>
  <datafield tag="990" ind1=" " ind2=" ">
   <subfield code="a">Museum</subfield>
  </datafield>
  <datafield tag="991" ind1=" " ind2=" ">
   <subfield code="a">Rezensiertes Werk</subfield>
  </datafield>
  <datafield tag="999" ind1=" " ind2=" ">
   <subfield code="a">KXP-PPN353328499</subfield>
   <subfield code="e">4098306093</subfield>
  </datafield>
 </record>
</collection>
